| 000 | 00780nam a2200241 i 4500 | ||
|---|---|---|---|
| 001 | bg | ||
| 245 | 0 | 0 |
_aNumerical recipes in Fortran 77 : _bthe art of scientific computing. Vol.1 of Fortran numerical recipes / _cWilliam H. Press [et al]. |
| 250 | _a2nd ed. | ||
| 260 |
_aCambridge : _bCambridge University Press, _c1992. |
||
| 300 |
_aXXXI, 933, [41] s. ; _c24 cm. |
||
| 504 | _aBibliogr. | ||
| 650 | 9 |
_aFortran 77 _xprogramowanie |
|
| 650 | 9 | _aAnaliza numeryczna | |
| 700 | 1 | _aPRESS, William H. | |
| 020 | _a052143064X | ||
| 040 | _cBPK | ||
| 041 | 0 | _aen | |
| 080 | _a004.438Fortran:519.61/.64 | ||
| 920 | _a0-521-43064-X | ||
| 942 | _cKS | ||
| 008 | s pl f |000 0 pol | ||
| 999 |
_c40455 _d40455 |
||
| 856 |
_uhttp://koha.tu.koszalin.pl/cgi-bin/koha/opac-detail.pl?biblionumber=40455 _yKatalog online BPK |
||